Текст томруулах:    
Strategic human resource management (Бичлэгийн дугаар. 146081)
000 -УДИРДЛАГА
Удирдлага 01645nam a22004937a 4500
003 - ХЯНАЛТЫН ТОО ТОДОРХОЙЛОГЧ
Код MN-UlNUM
005 - БИЧИЛТ ХИЙСЭН ОГНОО
Тухайн бичилтийг бичсэн засварласан сүүлийн огноо 20260104150232.0
008 - ЕРӨНХИЙ МЭДЭЭЛЭЛ
Ерөнхий мэдээлэл 160927s2006 ohua b 001 0 eng
020 ## - ISBN
ISBN 0324290438
-- 9780324290431
040 ## - БИЧЛЭГ ҮҮСГЭГЧ БАЙГУУЛЛАГА
Бичлэг үүсгэгч номын сангийн код МУИС-ийн номын сан
084 ## - ББК АНГИЛАЛ
Нэмэлт тусгалт Гарын авлага
ББК ангилал 65.240
Зохиогчийн гурван тэмдэгт M 52
Мэдлэгийн ялгаа 65 - Эдийн засаг
100 1# - ЗОХИОГЧ
Зохиогчийн нэр Mello, Jeffrey A.
245 10 - ҮНДСЭН ГАРЧИГ
Номын нэр Strategic human resource management
Оролцогчдын тухай мэдээ Jeffrey A. Mello
250 ## - ДАХИН ХЭВЛЭЛТ
Дахин гаралтын дугаар 2nd ed.
260 ## - ГАРАЛТЫН МЭДЭЭ
Хэвлэгдсэн газар Mason, Ohio
Хэвлэлийн газар Thomson/South-Western
Хэвлэгдсэн он 2006
300 ## - МАТЕРИАЛЫН ТОДОРХОЙЛОЛТ
хуудасны тоо xxi, 694 p.
Бусад тоон мэдээлэл ill.
Хэмжээ 27 cm
500 ## - Тайлбар
Дансны дугаар БС 5994
546 ## - ХЭЛНИЙ ТУХАЙ МЭДЭЭ
Хэл Англи хэл дээр,
653 ## - Түлхүүр үг
Түлхүүр үг organizational effectiveness
653 ## - Түлхүүр үг
Түлхүүр үг strategic planning
653 ## - Түлхүүр үг
Түлхүүр үг human capital
653 ## - Түлхүүр үг
Түлхүүр үг labor productivity
653 ## - Түлхүүр үг
Түлхүүр үг personnel management
740 ## - НОМЫН ГАРЧИГ
Гарчиг The context of strategic human resource management
740 ## - НОМЫН ГАРЧИГ
Гарчиг An Investment Perspective of Human Resource Management
740 ## - НОМЫН ГАРЧИГ
Гарчиг Trends Affecting Human Resource Management
740 ## - НОМЫН ГАРЧИГ
Гарчиг Strategic Planning
740 ## - НОМЫН ГАРЧИГ
Гарчиг The Evolving/Strategic Role of Human Resource Management
740 ## - НОМЫН ГАРЧИГ
Гарчиг Human Resource Planning
740 ## - НОМЫН ГАРЧИГ
Гарчиг Design and Redesign of Work Systems
740 ## - НОМЫН ГАРЧИГ
Гарчиг Employment Law
740 ## - НОМЫН ГАРЧИГ
Гарчиг Implementation of strategic human resource management
740 ## - НОМЫН ГАРЧИГ
Гарчиг Staffing
740 ## - НОМЫН ГАРЧИГ
Гарчиг Training and Development
740 ## - НОМЫН ГАРЧИГ
Гарчиг Performance Management and Feedback
740 ## - НОМЫН ГАРЧИГ
Гарчиг Compensation
740 ## - НОМЫН ГАРЧИГ
Гарчиг Labor Relations
740 ## - НОМЫН ГАРЧИГ
Гарчиг Employee Separation
740 ## - НОМЫН ГАРЧИГ
Гарчиг Global Human Resource Management
740 ## - НОМЫН ГАРЧИГ
Гарчиг Harvard Business School Cases
942 ## - ЭЛЕМЕНТИЙН ТӨРӨЛ
Зүйлийн төрөл Ном